Japanese quality circles and productivity

Bibliographic Details
Main Authors: Ross, Joel E. (Author), Ross, William C. (Author)
Format: Book
Language:English
Published: Reston, Virginia : Reston Publishing 1982
Subjects:

MARC

LEADER 00000cam a2200000 7i4500
001 0000007183
005 20241206.0
008 240430 vaua eng
020 |a 0835933253 (hardback) 
040 |a INS   |b eng   |e rda 
090 0 0 |a RHD66   |b .R67 1982 
100 1 |a Ross, Joel E. ,   |e author 
245 1 0 |a Japanese quality circles and productivity   |c Joel E. Ross, William C. Ross 
264 1 |a Reston, Virginia :   |b Reston Publishing   |c 1982 
300 |a xiv, 205 pages :   |b illustrations ;   |c 24 cm. 
336 |a text  |2 rdacontent 
337 |a unmediated  |2 rdamedia 
338 |a volume  |2 rdacarrier 
500 |a Includes index 
650 0 |a Quality circles 
700 1 |a Ross, William C. ,   |e author 
999 |a 0000000452   |b BOOK   |c Red Spot   |e Default branch